| 000 | 00597nai a2200181Ia 4500 | ||
|---|---|---|---|
| 003 | IN-BaIIA | ||
| 008 | 211028c9999 xx s 000 0 eng d | ||
| 022 | _a1022-1344 (Print) | ||
| 022 | _a1521-3919 (Online) | ||
| 040 | _cIIA Library | ||
| 245 | 0 |
_aMacromolecular Theory and Simulations _h[eJournal] |
|
| 260 |
_aNew Jersey _bJohn Wiley & Sons |
||
| 310 | _aBimonthly | ||
| 362 | _a5(1); 1996 - Present | ||
| 521 | _bSubscribed through National Knowledge Resource Consortium (NKRC) | ||
| 856 |
_uhttps://onlinelibrary.wiley.com/journal/15213919 _yClick Here to Access eJournal |
||
| 942 | _cEJ | ||
| 999 |
_c35291 _d35291 |
||